[Event "Amager AMSF Gr5"]
[Site "Amager"]
[Date "2016.09.27"]
[Round "5"]
[White "Hvidberg, Rasmus"]
[Black "Overgaard, Preben"]
[Result "1/2-1/2"]
[WhiteElo "1488"]
[BlackElo "1439"]
[PlyCount "27"]
[EventDate "2016.08.16"]
[EventType "tourn"]
[EventRounds "7"]
[EventCountry "DEN"]
[SourceTitle "EXT 2023"]
[Source "ChessBase"]
[SourceDate "2022.10.05"]
[SourceVersion "1"]
[SourceVersionDate "2022.10.05"]
[SourceQuality "1"]

1. e4 c6 2. d4 d5 3. exd5 cxd5 4. c4 dxc4 5. Bxc4 Nf6 6. Nc3 e6 7. Nf3 Nc6 8. 0-0 Bb4 9. Re1 0-0 10. Bg5 Be7 11. Qd2 Nd5 12. Bxe7 Ncxe7 13. Bb3 b6 14. Rac1 1/2-1/2

[Event "Copenhagen Bronshoj op"]
[Site "Copenhagen"]
[Date "2016.??.??"]
[Round "7"]
[White "Hvidberg, Rasmus"]
[Black "Van den Brink, Nienke"]
[Result "1-0"]
[WhiteElo "1551"]
[BlackElo "1688"]
[PlyCount "65"]
[EventDate "2016.02.12"]
[EventType "swiss"]
[EventRounds "7"]
[EventCountry "DEN"]
[SourceTitle "CBM 170 Extra"]
[Source "ChessBase"]
[SourceDate "2016.02.25"]
[SourceVersion "1"]
[SourceVersionDate "2016.02.25"]
[SourceQuality "1"]

1. e4 e6 2. d4 d5 3. Nc3 Nf6 4. e5 Nfd7 5. f4 c5 6. Nf3 Nc6 7. Be3 Be7 8. Bb5 a6 9. Bxc6 bxc6 10. 0-0 cxd4 11. Nxd4 c5 12. Nc6 Qc7 13. Nxe7 d4 14. Nxc8 Rxc8 15. Bxd4 cxd4 16. Qxd4 0-0 17. Rad1 Rfd8 18. Qe3 Rb8 19. b3 Rbc8 20. Rd3 Nc5 21. Rxd8+ Rxd8 22. h3 a5 23. Nb5 Qc6 24. Nd6 a4 25. Qc3 Qb6 26. Kh1 h5 27. Qe3 Qa6 28. Rd1 Nb7 29. Rd4 Nxd6 30. exd6 axb3 31. Qxb3 Qa7 32. Qc4 Qb6 33. Qc7 1-0

[Event "Copenhagen Bronshoj op"]
[Site "Copenhagen"]
[Date "2016.??.??"]
[Round "3"]
[White "Nilssen, Ellen Fredericia"]
[Black "Hvidberg, Rasmus"]
[Result "1-0"]
[WhiteElo "1799"]
[BlackElo "1551"]
[PlyCount "51"]
[EventDate "2016.02.12"]
[EventType "swiss"]
[EventRounds "7"]
[EventCountry "DEN"]
[SourceTitle "CBM 170 Extra"]
[Source "ChessBase"]
[SourceDate "2016.02.25"]
[SourceVersion "1"]
[SourceVersionDate "2016.02.25"]
[SourceQuality "1"]

1. d4 d5 2. c4 Nc6 3. e3 Nf6 4. Nc3 Bf5 5. Qb3 Na5 6. Qa4+ c6 7. cxd5 Nxd5 8. Bd2 b6 9. Nxd5 Qxd5 10. Bxa5 Qxa5+ 11. Qxa5 bxa5 12. Rc1 Rc8 13. Ba6 Rc7 14. Ne2 e6 15. Nc3 Bd6 16. Ke2 Kd7 17. Na4 Rb8 18. f3 e5 19. dxe5 Bxe5 20. Rhd1+ Ke7 21. Rc5 f6 22. b3 Bxh2 23. Rdc1 Bd7 24. f4 Bg3 25. Kf3 Bh4 26. g3 1-0